Statistiche per Maggior numero di Punti senza vittorie in Formula 1

Clicka qui per fare il quiz!

Statistiche generali

  • Questo quiz è stato fatto 10 volte
  • Il punteggio medio è 5 su 9

Statistiche sulle risposte

NazionePuntiMiglior risultatoPilota% Corretto
Danimarca186Kevin Magnussen
89%
Canada247Lance Stroll
89%
Regno Unito587Lando Norris
89%
Germania530Nico Hülkenberg
67%
Thailandia226Alexander Albon
56%
Francia391Romain Grosjean
44%
Russia202Daniil Kvjat
33%
Giappone125Kamui Kobayashi
33%
Germania259Nick Heidfeld
11%

Distribuzione punteggi

Percentile per numero di risposta

Percentuale di utenti per punteggio

I tuoi punteggi nel tempo

Non hai fatto questo quiz